[Event "RUS-chT Rapid Men 2018"]
[Site "Sochi"]
[Date "2018.10.08"]
[Round "3"]
[White "Okun, Evgeny"]
[Black "Gogolev, Artem"]
[Result "1/2-1/2"]
[WhiteElo "2163"]
[BlackElo "2389"]
[Annotator "NA"]
[PlyCount "65"]
[EventDate "2018.10.05"]
[EventType "swiss"]
[EventCountry "RUS"]
[SourceTitle "playchess.com"]
[Source "ChessBase"]
[SourceQuality "1"]
[TimeControl "900+10"]

1. e4 {[%emt 0:00:00]} c5 {[%emt 0:00:00]} 2. Nf3 {[%emt 0:00:00]} Nf6 {[%emt 0:00:00]} 3. Nc3 {[%emt 0:00:13]} d5 {[%emt 0:00:00]} 4. e5 {[%emt 0:00:19]} Nfd7 {[%emt 0:00:00]} 5. d3 {[%emt 0:00:39]} e6 {[%emt 0:00:20]} 6. g3 {[%emt 0:00:12]} Nc6 {[%emt 0:00:08]} 7. Bf4 {[%emt 0:00:13]} Be7 {[%emt 0:00:10]} 8. h4 {[%emt 0:00:02]} b5 {[%emt 0:02:55]} 9. a3 {[%emt 0:01:07]} O-O {[%emt 0:02:31]} 10. Bg2 {[%emt 0:00:05]} Qc7 {[%emt 0:01:13]} 11. O-O {[%emt 0:00:56]} b4 {[%emt 0:02:41]} 12. axb4 {[%emt 0:00:52]} cxb4 {[%emt 0:01:05]} 13. Nxd5 {[%emt 0:00:17]} exd5 {[%emt 0:00:03]} 14. e6 {[%emt 0:00:00]} Bd6 {[%emt 0:00:08]} 15. exd7 {[%emt 0:00:51]} Bxd7 {[%emt 0:00:05]} 16. Bxd6 {[%emt 0:01:59]} Qxd6 {[%emt 0:00:01]} 17. Ng5 {[%emt 0:00:01]} h6 {[%emt 0:00:39]} 18. Nh3 {[%emt 0:00:02]} Bxh3 {[%emt 0:01:01]} 19. Bxh3 {[%emt 0:00:01]} a5 {[%emt 0:00:15]} 20. Ra4 {[%emt 0:00:47]} Rfe8 {[%emt 0:01:42]} 21. c3 {[%emt 0:00:38]} Re7 {[%emt 0:00:55]} 22. Bg2 {[%emt 0:01:10]} Qc5 {[%emt 0:01:41]} 23. Qb3 {[%emt 0:02:50]} Rd8 {[%emt 0:00:01]} 24. Raa1 {[%emt 0:02:11]} Re2 {[%emt 0:01:05]} 25. cxb4 {[%emt 0:00:15]} Nxb4 {[%emt 0:00:04]} 26. Qa4 {[%emt 0:01:06]} Rxb2 {[%emt 0:00:07]} 27. Qxa5 {[%emt 0:00:06]} Qxa5 {[%emt 0:00:04]} 28. Rxa5 {[%emt 0:00:01]} Rd2 {[%emt 0:00:27]} 29. Rb5 {[%emt 0:00:25]} Nxd3 {[%emt 0:00:02]} 30. Rxd5 {[%emt 0:01:04]} Rxd5 {[%emt 0:00:04]} 31. Bxd5 {[%emt 0:00:00]} Nxf2 {[%emt 0:00:26]} 32. Bxf7+ {[%emt 0:00:05]} Kxf7 {[%emt 0:00:02]} 33. Rxf2+ 1/2-1/2

[Event "RUS-chT Rapid Men 2018"]
[Site "Sochi"]
[Date "2018.10.08"]
[Round "3"]
[White "Mochalin, Faddey"]
[Black "Belyakov, Bogdan"]
[Result "1-0"]
[WhiteElo "2032"]
[BlackElo "2458"]
[Annotator "TA"]
[PlyCount "75"]
[EventDate "2018.10.05"]
[EventType "swiss"]
[EventCountry "RUS"]
[SourceTitle "playchess.com"]
[Source "ChessBase"]
[SourceQuality "1"]

{[%evp 22,75,32,35,43,35,47,42,68,23,22,16,5,10,50,8,27,0,16,0,22,24,16,0,70,59,68,41,60,52,54,41,37,37,83,-93,-92,-91,839,804,876,877,1315,1286,1256,1244,1966,1819,29979,29980,29992,29993,29995,29996,29996,29997]} 1. d4 d5 2. c4 dxc4 3. Nf3 a6 4. e3 Bg4 5. Bxc4 e6 6. O-O Nc6 7. h3 Bh5 8. Be2 Nf6 9. Nc3 Bd6 10. a3 O-O 11. b4 Nd5 {D22: Queen's Gambit Accepted: 3 Nf3 a6 4 e3} 12. Bb2 {LiveBook: 4 Games} f5 13. Qb3 $146 ({Predecessor:} 13. Rc1 Nce7 14. Na4 b6 15. Nc5 bxc5 16. dxc5 Bf4 17. exf4 Nxf4 18. Qc2 Qe8 19. Kh2 {1-0 (41) Hjartarson,J (2415)-Vorotnikov,V (2475) Leningrad (Russia) 1984}) 13... Kh8 {White is slightly better.} 14. Rfe1 Qf6 15. Nxd5 exd5 16. Rac1 Ne7 17. Ne5 Be8 18. f4 g5 19. a4 Rg8 20. Rc2 gxf4 21. exf4 Qh4 22. Rf1 $36 {[%mdl 2048] White fights for an advantage.} Rg3 (22... Rg7 $11) 23. Rc3 $14 Rg7 24. Re3 Bh5 25. Bxh5 Qxh5 26. Rf2 Rag8 27. Kh2 Ng6 {[#]} 28. Qxd5 $2 (28. g3 $1 $16 Ne7 29. b5) 28... Nxf4 $1 $17 29. Rxf4 Qg5 $2 {[%mdl 8192]} (29... c6 $17 30. Qxg8+ Kxg8) 30. g3 $18 Qf6 31. Qg2 Qh6 32. d5 {[%cal Re5f7] [#]} Rf8 33. Qf3 Kg8 34. Rxf5 Rxf5 35. Qxf5 {White mates.} Re7 36. Ng4 {[%cal Rg4h6]} Qg6 37. Qc8+ Kf7 38. Rf3+ {Precision: White = 55%, Black = 29%.} 1-0

[Event "RUS-chT Rapid Men 2018"]
[Site "Sochi"]
[Date "2018.10.08"]
[Round "4"]
[White "Nepomniachtchi, Ian"]
[Black "Alekseenko, Kirill"]
[Result "0-1"]
[WhiteElo "2759"]
[BlackElo "2639"]
[Annotator "TA"]
[PlyCount "154"]
[EventDate "2018.10.05"]
[EventType "swiss"]
[EventCountry "RUS"]
[SourceTitle "playchess.com"]
[Source "ChessBase"]
[SourceQuality "1"]

{[%evp 16,154,38,20,25,19,28,31,27,31,38,0,6,-4,-2,0,10,0,0,-16,-14,-7,0,0,-5,-16,-6,-20,-11,-59,-13,-25,-19,-29,-25,-42,-11,-72,-53,-48,-20,-35,-27,-23,-24,-26,-8,-9,-9,-16,0,0,0,-29,-5,-5,-5,-9,8,8,8,8,8,0,30,30,37,37,37,37,37,37,44,54,37,29,37,22,29,16,52,0,0,0,0,0,65,7,22,0,58,58,58,58,64,53,173,186,266,36,36,37,45,38,37,45,36,16,212,224,221,202,166,-89,-86,-95,0,-4816,-696,-4906,-4898,-4816,-4816,-4816,-4532,-2328,-1656,-6213,-6099,-5940,-5743,-5681,-5609,-5561,-4964,-4898,-4686,-5965,-5688,-5484,-5491]} 1. c4 e5 2. Nc3 d6 3. Nf3 f5 4. d4 e4 5. Ng5 Be7 6. Nh3 Nf6 7. g3 O-O 8. Bg2 c5 {A21: English Opening: 1...e5 2 Nc3} 9. d5 {LiveBook: 17 Games} Na6 10. O-O Ng4 {The position is equal.} 11. f3 exf3 12. exf3 Ne5 13. Qe2 $146 ({Predecessor:} 13. b3 Bf6 14. Bb2 Nc7 15. Re1 Ng6 16. Qd2 {½-½ (27) Rychagov,A (2568)-Karpov,V (2368) Moscow 2010}) 13... Nc7 14. Nf2 Bf6 15. f4 Nf7 16. Qd3 Bd7 17. b3 b5 {And now ...b4 would win.} 18. Rb1 {[%cal Rc3b5]} b4 19. Ncd1 a5 20. Ne3 Nh6 21. h3 a4 22. Bb2 axb3 23. axb3 Ra2 24. Bxf6 Qxf6 25. Rbe1 Re8 26. Ned1 (26. Bf3 $11 {remains equal.}) 26... Ra3 27. Qc2 Qd4 28. Kh2 Rxe1 29. Rxe1 {Re7 is the strong threat.} Ne8 30. Re2 Nf6 31. Rd2 Qa1 32. Re2 Qd4 33. Rd2 Qa1 34. Bf1 Nf7 35. Bd3 g6 36. Ne3 Qc3 37. Qxc3 bxc3 38. Rc2 Rxb3 39. Nfd1 Nd8 40. Ra2 Nb7 41. Bc2 Rb4 42. Nxc3 Kf7 43. Kg2 Ke7 44. Kf3 h5 45. Ke2 Nd8 46. Kd3 Rb7 47. Ng2 Ne4 48. Ne2 ({White should play} 48. Nh4 $14) 48... Nf7 $11 49. Ke3 Rb4 50. Bd3 Kf6 (50... g5 $11) 51. Ne1 (51. Ra7 $14 Ba4 52. g4) 51... Rb3 52. Nc2 Nf2 (52... Ke7 $11) 53. Nc1 $14 Rb1 $1 54. Kxf2 {Hoping for Ne2.} Rxc1 55. Ra7 Be8 (55... Bc8 $1 $14) 56. Ne3 $1 $18 Nh6 (56... Rc3 $142) 57. Rh7 $2 (57. Ra3 $18) 57... Rc3 $1 $14 {[%cal Rc3d3]} 58. Ke2 Nf7 59. g4 hxg4 60. hxg4 {Strongly threatening g5+.} g5 $1 {[%cal Rg5f4]} 61. fxg5+ Nxg5 $2 (61... Kxg5 $11 {and Black is okay.} 62. Rg7+ (62. Bxf5 Ne5 $11) (62. Nxf5 Kf4 $16) (62. gxf5 Ne5 $11) 62... Kf6 63. Nxf5 Ng5) 62. Rh6+ $18 Ke5 {Black wants to play ...f4.} 63. Nxf5 Bd7 64. Rg6 $2 {[#]} ({White should try} 64. Ne7 $1 $18) 64... Nh3 $1 $17 {[%cal Rh3f4]} 65. Rg7 {[#] aiming for Kd2.} Nf4+ (65... Bxf5 $1 $17 66. Bxf5 Rxc4 67. Re7+ Kd4) 66. Kf1 $2 {[%mdl 8192]} (66. Ke1 $11) 66... Rc1+ $19 {Black is clearly winning.} 67. Kf2 Nxd3+ 68. Ke3 Bxf5 69. gxf5 {[%mdl 4096] Endgame KRN-KR} Kf6 70. Rg6+ Kxf5 71. Rxd6 Ne5 72. Rd8 Rc3+ 73. Ke2 Rxc4 74. Ke3 Re4+ 75. Kd2 Rd4+ 76. Ke3 Nc4+ 77. Kf3 Ke5 {Precision: White = 40%, Black = 52%.} 0-1

[Event "RUS-chT Rapid Men 2018"]
[Site "Sochi"]
[Date "2018.10.08"]
[Round "4"]
[White "Artemiev, Vladislav"]
[Black "Rakhmanov, Aleksandr"]
[Result "1/2-1/2"]
[WhiteElo "2706"]
[BlackElo "2634"]
[Annotator "TA"]
[PlyCount "60"]
[EventDate "2018.10.05"]
[EventType "swiss"]
[EventCountry "RUS"]
[SourceTitle "playchess.com"]
[Source "ChessBase"]
[SourceQuality "1"]

{[%evp 18,60,42,12,10,-19,-10,-20,-29,-25,43,0,0,0,0,-10,-8,-4,0,-119,-29,-29,-21,-38,-41,-37,-37,-23,-18,-27,-25,-18,-4,-8,0,0,0,0,0,-8,0,0,0,0,0]} 1. d4 d5 2. c4 e6 3. Nf3 a6 4. b3 Nf6 5. e3 dxc4 6. bxc4 {D30: Queen's Gambit Declined: Systems without Nc3} c5 7. Bd3 cxd4 8. exd4 Bb4+ 9. Nbd2 {[%cal Bb1d2,Bd2e4,Be4c3][%mdl 32]} O-O 10. Bb2 {LiveBook: 3 Games} b5 11. c5 $146 ({Predecessor:} 11. O-O bxc4 12. Nxc4 Nc6 {½-½ (30) Kempinski,R (2637)-Grandelius,N (2628) Germany 2016}) 11... Bxc5 12. Bxh7+ Nxh7 13. dxc5 Nc6 (13... Qd5 $11) 14. Ne4 (14. O-O {seems wilder.} Bb7 15. Qc2 Qd5 16. Rad1 f6 17. a3) 14... Qxd1+ $1 15. Rxd1 f6 16. Rd6 Na5 {Strongly threatening ...Nc4.} 17. Nfd2 Bb7 18. f3 ({Don't go for} 18. Rxe6 $2 Rfe8 $19) (18. Bc3 $1 $11 {remains equal.} Bxe4 19. Nxe4) 18... Bd5 (18... Bxe4 $1 $17 19. fxe4 Nb7) 19. Nc3 $11 Rfd8 20. O-O Rxd6 21. cxd6 Rd8 22. Ba3 Nb7 23. Nde4 Bxe4 24. Nxe4 a5 {The position is equal.} 25. Nc5 Nxc5 26. Bxc5 Nf8 27. Rb1 b4 28. Bb6 Rxd6 29. Bxa5 Ra6 $1 {[%cal Ra6a5]} 30. Bxb4 Rxa2 {Precision: White = 44%, Black = 69%.} 1/2-1/2

[Event "RUS-chT Rapid Men 2018"]
[Site "Sochi"]
[Date "2018.10.08"]
[Round "4"]
[White "Malakhov, Vladimir"]
[Black "Morozevich, Alexander"]
[Result "1-0"]
[WhiteElo "2661"]
[BlackElo "2656"]
[Annotator "TA"]
[PlyCount "73"]
[EventDate "2018.10.05"]
[EventType "swiss"]
[EventCountry "RUS"]
[SourceTitle "playchess.com"]
[Source "ChessBase"]
[SourceQuality "1"]

{[%evp 13,73,29,11,-46,-43,-64,-27,-23,-4,-35,0,0,10,10,10,18,12,10,18,0,48,53,64,66,54,51,84,29,29,30,77,70,87,88,92,93,119,119,114,114,143,127,150,165,229,228,245,230,356,345,347,341,316,322,451,425,605,541,833,842,805,825]} 1. Nf3 d5 2. e3 Nc6 3. d4 Bg4 4. c4 e5 5. dxe5 dxc4 6. Qa4 {D07: Queen's Gambit: Chigorin Defence} (6. Nbd2 Nxe5 7. Qa4+ Bd7 8. Qc2 Nxf3+ 9. Nxf3 b5 10. Bd2 Nf6 11. O-O-O Qe7 12. Ba5 O-O-O 13. Be2 Qe4 {½-½ (58) Li,C (2720)-Steel,H (2414) Fufeng 2017}) 6... Bxf3 7. gxf3 Qd5 {LiveBook: 10 Games} 8. Bxc4 ({White should try} 8. Be2 $11) 8... Qxf3 $15 9. Rg1 O-O-O {Strongly threatening ...Qh5.} 10. Be2 $146 ({Predecessor:} 10. Nd2 Qh5 11. Bb5 Nge7 12. Be2 Qxe5 13. Nf3 Qf6 {0-1 (40) Strathoff,M (2068)-Bashylin,R (2318) Dortmund 2005}) 10... Qd5 11. f4 f6 12. Nc3 $1 {[%cal Rc3d5]} Qc5 13. exf6 Nxf6 14. Bd2 Qb6 15. Qb5 g6 16. O-O-O Bg7 17. Qxb6 axb6 18. Kb1 Rhe8 19. Bc1 Bf8 20. Rxd8+ ({Better is} 20. a3 $16) 20... Nxd8 $11 21. Bf3 c6 {[#]} 22. e4 $1 {[%cal Be3e4,Be4e5][%mdl 32]} Bb4 {With the idea ...Bxc3.} 23. e5 Bxc3 24. bxc3 Nd5 25. Bxd5 cxd5 $16 {[%mdl 4096] Endgame KRB-KRN} 26. Rd1 Ne6 27. Rxd5 Rf8 28. Rd6 Nc5 (28... Nc7 $142 29. Kc2 (29. Rxb6 Nd5 $16) 29... b5) 29. Rxb6 $18 Kc7 30. Rf6 Ra8 (30... Nd7 $142) 31. Rf7+ Kc6 32. Rxh7 Kd5 33. Be3 Ne4 (33... b5 $142 34. Bxc5 Kxc5) 34. Rxb7 {White is clearly winning.} Kc4 (34... Nxc3+ $142 35. Kc2 Ke4 36. Kxc3 Kxe3) 35. Bd4 Kd3 36. e6 Nd6 37. Rd7 {Precision: White = 73%, Black = 30%.} 1-0

[Event "RUS-chT Rapid Men 2018"]
[Site "Sochi"]
[Date "2018.10.08"]
[Round "4"]
[White "Zvjaginsev, Vadim"]
[Black "Iljiushenok, Ilia"]
[Result "0-1"]
[WhiteElo "2644"]
[BlackElo "2539"]
[Annotator "TA"]
[PlyCount "168"]
[EventDate "2018.10.05"]
[EventType "swiss"]
[EventCountry "RUS"]
[SourceTitle "playchess.com"]
[Source "ChessBase"]
[SourceQuality "1"]

{[%evp 13,168,4,0,0,7,4,17,0,0,0,10,6,35,10,25,16,12,16,9,17,11,12,32,28,27,24,21,0,0,0,0,0,0,-71,-73,-80,-84,-87,-36,-89,-48,-68,-70,-60,-37,-47,-52,-53,-54,-146,-146,-145,-145,-378,-375,-370,-365,-370,-347,-376,-372,-437,-407,-649,-633,-633,-559,-756,-727,-658,-636,-2651,-2462,-12831,-12832,-12831,-12832,-12833,-12833,-12833,-12833,-11047,-12825,-12832,-12833,-12832,-12833,-12833,-12831,-12835,-12835,-12835,-12835,-12839,-12839,-12840,-12835,-12835,-12835,-12838,-12837,-12838,-12835,-12835,0,-12837,-12838,-12840,-12837,-12845,-12840,-12840,-12841,-12841,-12841,-12842,-12842,-12843,-12843,-12849,-12849,-12851,0,0,0,0,0,0,0,0,0,0,0,0,0,0,0,0,0,0,0,0,0,-29977,-29976,-29979,-29980,-12851,-29981,-12851,-29979,-12851,-29985,-12851,-29986,-12851,-29986]} 1. e4 e5 2. Nf3 Nc6 3. g3 Nf6 4. d3 Bc5 5. Bg2 d6 6. c3 {C44: Ponziani Opening and Scotch Gambit} (6. O-O h6 7. Nc3 a6 8. Be3 O-O 9. Bxc5 dxc5 10. Nd2 b5 11. a4 Rb8 12. axb5 axb5 13. Nd5 Be6 14. Ne3 Qd7 15. Nf3 Rfd8 16. b3 Ra8 17. Re1 g6 {0-1 (37) Naiditsch,A (2696)-Vidit,S (2669) Baku 2016}) 6... a6 7. O-O O-O {LiveBook: 11 Games} 8. Nbd2 {The position is equal.} Re8 9. b4 $146 ({Predecessor:} 9. Nb3 Ba7 10. Bg5 h6 11. Bd2 d5 12. Qc2 Bg4 13. Rae1 dxe4 14. dxe4 {0-1 (47) Burakovsky,M (2066)-Sergeev,V (2452) Kiev 1999}) 9... Ba7 10. Bb2 h6 11. a3 Ne7 12. d4 Ng6 13. c4 Bg4 14. h3 Bxd4 15. Bxd4 Bxf3 $1 16. Nxf3 {Hoping for Bb2.} exd4 17. Nxd4 Nxe4 18. Qc2 d5 19. cxd5 Nf6 ({Not} 19... Qxd5 $2 20. Rad1 $18) 20. Qc5 Ne7 {[%cal Re7d5]} 21. Rfe1 Qd7 {[%cal Re7d5]} 22. Re5 Nexd5 23. Rae1 (23. Bxd5 $11 Rxe5 24. Bxf7+ $1 {[%mdl 512]} Kxf7 25. Qxe5) 23... c6 $17 24. Nf5 Rxe5 25. Rxe5 Re8 (25... Kh7 $17) 26. Rxe8+ (26. Bxd5 $1 $15 cxd5 27. Rxe8+ Qxe8 28. Qd4) 26... Qxe8 27. Qd4 Qe1+ 28. Kh2 Qe6 29. g4 $1 h5 $36 {[%mdl 2048] Black is pushing.} 30. Bxd5 cxd5 31. Qf4 (31. Ne3 $15) 31... hxg4 32. hxg4 {[#]} g6 $1 {[%cal Rg6f5]} 33. Nd4 $2 {[#]} (33. Ne3 $17) 33... Qe5 $1 $19 {[%cal Re5f4][%mdl 512]} 34. Qxe5 Nxg4+ 35. Kg3 Nxe5 {[%mdl 4096] Endgame KN-KN} 36. Nb3 b6 37. a4 Kf8 38. a5 (38. b5 $142 axb5 39. axb5) 38... bxa5 39. bxa5 Nc6 40. Nc5 Nxa5 41. Kf4 Nc6 42. Nxa6 Ke7 43. Nc7 Kd6 44. Ne8+ Kd7 45. Nf6+ Ke6 46. Nh7 Ne5 47. Ng5+ Kd6 48. Nh7 Nd7 49. Ng5 f6 {[%cal Bf7f6,Bf6f5,Bf5f4][%mdl 32]} 50. Nf3 Nc5 51. Ke3 Ne6 52. Ne1 g5 53. Nf3 f5 54. Kd3 Ke7 55. Ne5 f4 56. Ng4 Kd6 57. Nf6 Ke5 58. Ng4+ Kd6 59. Nf6 $1 Nd8 60. Nh7 Nf7 61. Kd4 Ke6 62. f3 Kd6 63. Nf6 Ne5 64. Ne8+ Ke6 65. Ng7+ Kf7 66. Nh5 Nxf3+ 67. Kxd5 Nh4 $2 ({Black should try} 67... Nd2 $19 {Threatens to win with ...Kg6.} 68. Ke5 f3) 68. Ke4 $11 f3 69. Ng3 $1 Kf6 70. Nh5+ Kg6 71. Ng3 Kf6 72. Nh5+ Ke6 73. Ng3 Kd6 74. Kd4 Ke6 {( -> ...Nf5+)} 75. Ke4 Kf6 76. Nh5+ $1 Kf7 77. Ng3 Kg6 78. Ke5 $2 {[%mdl 8192]} (78. Nh1 $11) 78... Ng2 79. Ke4 g4 80. Nf1 Kg5 81. Nd2 f2 82. Nf1 Kh4 83. Kd3 g3 84. Ke2 Kh3 {Precision: White = 45%, Black = 77%.} 0-1

[Event "RUS-chT Rapid Men 2018"]
[Site "Sochi"]
[Date "2018.10.08"]
[Round "4"]
[White "Ponkratov, Pavel"]
[Black "Chigaev, Maksim"]
[Result "1-0"]
[WhiteElo "2628"]
[BlackElo "2599"]
[Annotator "TA"]
[PlyCount "83"]
[EventDate "2018.10.05"]
[EventType "swiss"]
[EventCountry "RUS"]
[SourceTitle "playchess.com"]
[Source "ChessBase"]
[SourceQuality "1"]

{[%evp 9,83,0,4,0,25,-7,-14,-33,17,-27,22,41,39,0,23,9,43,15,12,28,61,60,69,31,33,45,36,45,101,108,139,97,98,98,98,91,96,94,81,64,95,85,110,126,103,18,106,0,143,141,143,135,144,147,146,144,144,140,140,129,334,334,514,170,150,0,497,480,1054,1049,1153,1118,1559,1504,1368,1386]} 1. d4 Nf6 2. Bg5 Ne4 3. Bh4 c5 4. dxc5 Nxc5 5. Nc3 Nc6 6. e4 {A45: Trompowsky Attack} (6. e3 g6 7. Nd5 a6 8. a4 Bg7 9. c3 O-O 10. Bc4 d6 11. Ne2 h6 12. f4 {1-0 (27) Lajthajm,B (2434)-Ivic,V (2286) Belgrade 2017}) 6... d6 7. Nf3 $146 ({Predecessor:} 7. Bc4 Qa5 8. Qd2 Qb4 9. Bd5 e6 10. a3 Qb6 11. b4 Nd7 12. Nge2 {0-1 (42) Sazhinov,A (2308)-Chigaev,M (2166) Kemerovo 2010}) 7... g6 8. e5 {The position is equal.} Bg7 9. exd6 Qxd6 (9... Bxc3+ $5 10. bxc3 Qa5 11. dxe7 Qxc3+ 12. Nd2 Ne4 $11) 10. Qxd6 exd6 11. Nb5 O-O ({Don't go for} 11... Bxb2 $2 12. Rb1 $18 (12. Nxd6+ Kf8 $15)) 12. O-O-O Be6 13. Nc7 $36 {[%mdl 2048] Black is under pressure.} Rac8 14. Nxe6 Nxe6 15. Kb1 Ne5 16. Rxd6 Nxf3 17. gxf3 Nd4 {[#] And now ...Nf5 would win.} 18. Bh3 f5 ({Better is} 18... Rc5 $14) 19. f4 $16 Nxc2 20. Rhd1 Nb4 21. Rd7 Rf7 22. a3 Na6 23. Rxf7 Kxf7 24. Rd7+ Kg8 25. Rxb7 Nc5 26. Rxa7 Nd3 {[#]} 27. Rd7 (27. Bg2 $1 $16) 27... Rc1+ $1 $11 28. Ka2 Rd1 (28... Rc2 $1 $11 29. Rd8+ Kf7 30. Rd7+ Kf8) 29. Rd8+ $16 Kf7 30. Bg2 {[%cal Rg2d5]} Bf6 31. Bd5+ Ke7 32. Bxf6+ Kxf6 {[%mdl 4096] Endgame KRB-KRN} 33. Rd7 {[%csl Gd5][%cal Rd7f7]} Nxf4 34. Bc6 Nd3 $2 (34... Rxd7 $16 {was necessary.} 35. Bxd7 Nd3) 35. a4 $18 Rd2 (35... Nc1+ {was worth a try.} 36. Kb1 Rf1) 36. Ka3 $2 (36. Bb5) 36... Rd1 {...Ra1+ is the strong threat.} 37. Ka2 $2 (37. Rxh7 $16 Ra1+ 38. Kb3) 37... Rd2 $1 38. Bb5 {White is clearly winning.} Rxb2+ (38... Nc1+ $142 39. Ka3 Rxd7) 39. Ka3 Rxf2 40. Rxd3 Rxh2 41. a5 {[%cal Ba4a5,Ba5a6][%mdl 32]} Rc2 42. a6 {Precision: White = 65%, Black = 49%.} 1-0

[Event "RUS-chT Rapid Men 2018"]
[Site "Sochi"]
[Date "2018.10.08"]
[Round "4"]
[White "Alekseev, Evgeny"]
[Black "Potkin, Vladimir"]
[Result "1/2-1/2"]
[WhiteElo "2620"]
[BlackElo "2597"]
[Annotator "TA"]
[PlyCount "125"]
[EventDate "2018.10.05"]
[EventType "swiss"]
[EventCountry "RUS"]
[SourceTitle "playchess.com"]
[Source "ChessBase"]
[SourceQuality "1"]

{[%evp 9,125,3,6,0,0,10,3,0,0,-2,-2,-14,6,0,14,13,26,9,43,43,46,48,46,46,62,70,57,51,70,31,57,49,61,39,55,27,33,-6,-6,-58,-49,-44,-67,-58,-66,-66,-66,-75,-40,-52,-47,-35,0,-41,-23,-43,0,-62,-56,-60,0,0,0,0,-4,-16,79,52,47,41,71,10,11,10,11,11,33,31,172,172,172,172,172,172,172,172,172,164,251,215,211,0,210,0,196,189,189,135,181,174,128,0,0,0,0,0,0,4,59,0,0,0,0,0,0,0,18,0]} 1. e4 c5 2. Nf3 d6 3. d4 cxd4 4. Qxd4 Nf6 5. Bb5+ Bd7 6. c4 {B53: Sicilian: 2...d6: Lines with Qxd4} g6 7. O-O Bg7 8. Nc3 O-O 9. Qd3 Bg4 10. h3 Bxf3 11. Qxf3 Nfd7 $146 ({Predecessor:} 11... Nbd7 12. Bxd7 Qxd7 {1-0 (59) Alekseev,E (2642)-Tari,A (2521) Berlin 2015}) 12. Bxd7 Nxd7 13. Bd2 Ne5 14. Qe2 Rc8 15. b3 e6 16. Rfd1 Qe7 17. Rac1 a6 18. Be3 Rc6 19. a4 f5 20. exf5 gxf5 21. Bd4 Rf7 {[%cal Bf8f7,Bf7g7,Bg7g6][%mdl 32]} 22. a5 Ng6 23. Bb6 Be5 24. Kf1 (24. Kh1 $11) 24... Nf4 25. Qf3 Rg7 26. g3 Nxh3 27. Qh5 Ng5 28. Bd4 Nf7 29. Ne2 Rg6 30. Be3 Qf6 31. Rd2 Qg7 32. Rdd1 Bf6 33. Nd4 (33. b4 $1 $11) 33... Bxd4 $1 $15 34. Rxd4 Ne5 ({Better is} 34... Ng5 $15) 35. Rcd1 $11 Qe7 36. Bf4 Nf7 $1 37. Bc1 Ng5 (37... Qf6 $11) 38. Bxg5 (38. Qh4 {seems wilder.} Kf8 39. Bxg5 Rxg5 40. Qh6+ Kg8 41. b4) 38... Rxg5 39. Qh4 Kf8 40. Rxd6 (40. Qh6+ $16 Kg8 41. Qh4) 40... Rxd6 41. Rxd6 Qxd6 42. Qxg5 $16 {[%mdl 4096] Endgame KQ-KQ} Qd3+ 43. Kg1 {Hoping for Qf6+.} Qxb3 ({Black should try} 43... Kf7 $14) 44. Qf6+ $18 Kg8 45. Qxe6+ Kg7 46. Qxf5 Qxc4 47. Qd7+ Kg6 48. Qxb7 h5 (48... Qd3 $142 49. Kg2 h5 50. Qc6+ Kg7) 49. Qb6+ Kg7 50. Qb7+ Kg6 51. Qb6+ Kg7 $1 52. Qd6 Kf7 53. Kh2 (53. Qh6 $18) 53... Kg7 54. Qe5+ Kg6 55. f4 (55. Qe8+ $16 Kh6 56. Qe3+ Kg6 57. Kg1) 55... Qc2+ $11 56. Kh3 {[#] And now Qg5+ would win.} Qc8+ 57. Kg2 {Black must now prevent Qg5+.} Qc2+ 58. Kf3 {Qg5+ is the strong threat.} Qd1+ ({Black should play} 58... Qd3+ $11 59. Kf2 Qc2+ 60. Kf1 Qc1+ 61. Kg2 Qc2+ 62. Kg1 Qb1+ 63. Kf2 Qc2+ 64. Kg1 Qd1+ 65. Kf2 Qd2+ 66. Kg1 Qd1+ 67. Kf2 Qd2+ 68. Kf1 Qc1+ 69. Ke2 Qc2+ 70. Ke1 Qb1+ 71. Kd2 Qa2+ 72. Ke1 Qb1+ 73. Kd2 Qa2+ 74. Ke3 Qb3+ 75. Kf2 Qc2+) 59. Qe2 (59. Ke4 $14 Qe1+ 60. Kd4 Qa1+ 61. Kc4 Qa4+ 62. Kc3 Qa3+ 63. Kd2 Qa2+ 64. Ke3 Qb3+ 65. Kf2 Qc2+ 66. Kf1 Qd1+ 67. Qe1) 59... Qh1+ $1 {The position is equal.} 60. Ke3 Qc1+ 61. Kf3 Qh1+ 62. Ke3 Qc1+ 63. Kf3 {Precision: White = 46%, Black = 46%.} 1/2-1/2